Les footballeurs anglais en 2024 (image) - Statistiques

Statistiques générales
  • Ce quiz a été pris 395 fois
  • Le résultat moyen est 17 sur 20
Statistiques - réponses
Par images Réponse % Correct
Harry Kane
100%
Jude Bellingham
99%
Bukayo Saka
98%
Phil Foden
98%
Marcus Rashford
96%
Jack Grealish
95%
Kyle Walker
94%
Trent Alexander-Arnold
92%
Declan Rice
91%
Raheem Sterling
88%
John Stones
85%
Kieran Trippier
82%
Reece James
79%
Luke Shaw
75%
Fikayo Tomori
72%
James Maddison
70%
Ollie Watkins
68%
Conor Gallagher
65%
Nick Pope
65%
Ben Chilwell
62%
Aucun quiz correspondant
Distribution des résultats
% des personnes avec chaque résultat
Percentile par nombre de réponses
Votre historique - résultats
Vous n’avez pas pris ce quiz